[Event "Verbandsliga Suedbaden 1920"]
[Site "Baden"]
[Date "2019.09.29"]
[Round "1.7"]
[White "Drewello, Hansjoerg"]
[Black "Bruckert, Frederic"]
[Result "1-0"]
[WhiteElo "1863"]
[BlackElo "1821"]
[PlyCount "87"]
[EventDate "2019.09.29"]
[EventType "team-tourn"]
[EventRounds "9"]
[EventCountry "GER"]
[SourceTitle "EXT 2021"]
[Source "ChessBase"]
[SourceDate "2020.10.23"]
[SourceVersion "1"]
[SourceVersionDate "2020.10.23"]
[SourceQuality "1"]
[WhiteTeam "Offenburg"]
[BlackTeam "Dreilaendereck II"]
[WhiteTeamCountry "GER"]
[BlackTeamCountry "GER"]

1. e4 c5 2. Nc3 Nc6 3. g3 e6 4. Bg2 Nge7 5. Nge2 d5 6. exd5 Nxd5 7. Nxd5 exd5 8. d4 Bf5 9. c3 Be6 10. 0-0 Bd6 11. dxc5 Bxc5 12. Nf4 Qd7 13. Bxd5 Bxd5 14. Qxd5 Qxd5 15. Nxd5 0-0-0 16. Rd1 Rd7 17. Be3 Bxe3 18. Nxe3 Rhd8 19. Rxd7 Rxd7 20. Rd1 Ne5 21. Kf1 Rxd1+ 22. Nxd1 Kd7 23. Ke2 Ke6 24. Ne3 b5 25. f4 Nd7 26. Kd3 g6 27. Kd4 Kd6 28. b4 Nb8 29. g4 Nc6+ 30. Ke4 Ne7 31. f5 f6 32. c4 bxc4 33. fxg6 hxg6 34. Nxc4+ Ke6 35. Ne3 Kd6 36. h4 Ke6 37. h5 f5+ 38. gxf5+ gxf5+ 39. Kf4 Kf6 40. a4 Nc8 41. Nd5+ Ke6 42. h6 Kf7 43. Kxf5 Kg8 44. Ke6 1-0